It's Always Sunny in Philadelphia Episodes - Statistics

General Stats
  • This quiz has been taken 911 times
  • The average score is 88 of 134
Answer Stats
# Episode Name Answer % Correct
12 Hundred Dollar ____ Baby
94%
4 Charlie Has ______ Cancer
93%
81 How Mac Got ___ Fat
93%
28 Dennis Looks Like a Registered ___ ________ Sex Offender
93%
55 The D.E.N.N.I.S. ______ System
93%
11 Mac _____ Dennis' Mom Bangs
92%
45 The ________ Cometh Nightman
92%
2 Charlie Wants an ________ Abortion
91%
39 Who ______ the Bed? Pooped
90%
5 ___ Fever Gun
89%
64 Who Got Dee ________ Pregnant
89%
15 The Gang Runs for ______ Office
88%
26 Sweet Dee's Dating a _________ Person Retarded
88%
25 Frank Sets Sweet Dee on ____ Fire
87%
83 The ____ ______ Reunion High School
87%
10 Dennis and Dee Go on _______ Welfare
87%
37 Mac and Charlie ___ (Part 1) Die
86%
38 Mac and Charlie ___ (Part 2) Die
86%
1 The Gang ___ ______ Gets Racist
86%
130 Hero or ____ Crime? Hate
86%
21 The Gang Gets Held _______ Hostage
86%
67 Charlie Kelly: King of the ____ Rats
86%
119 Mac and Dennis Move to the _______ Suburbs
86%
78 _____ _________: The Game of Games Chardee MacDennis
84%
50 The Waitress is Getting _______ Married
84%
72 Frank's Pretty _____ Woman
84%
43 The Gang _____ the Liberty Bell Cracks
83%
97 The Gang Tries Desperately to Win an _____ Award
82%
63 Mac's Mom Burns Her _____ ____ House Down
82%
111 Mac _____ his Dad Kills
82%
16 Charlie Goes _______ All Over Everybody's Ass America
81%
36 Mac's _______ the Waitress Banging
81%
90 _______'_ ___ Has Cancer Charlie's Mom
81%
18 The Gang Finds a ________ ____ Dumpster Baby
81%
116 Frank Fall Out the ______ Window
81%
60 The Gang Buys a ____ Boat
80%
92 Charlie Rules the _____ World
80%
77 The Storm of the _______ Century
79%
114 Ass Kickers United: Mac and Charlie Join a ____ Cult
79%
32 The Gang ______ Their Asses Off Dances
79%
22 The Aluminum Monster vs. _____ _____ Fatty Magoo
79%
120 Being _____ Frank
79%
70 A Very _____ Christmas Sunny
79%
71 A Very _____ Christmas Sunny
79%
40 Paddy's Pub: The _____ ___ in Philadelphia Worst Bar
79%
103 The Gang Makes ______ ______ 6 Lethal Weapon
78%
121 McPoyle vs. Ponderosa: The _____ of the Century Trial
78%
52 The Gang Wrestles for the ______ Troops
78%
107 ______ Pete Returns Psycho
77%
100 The Gang _____ the Day Saves
77%
74 Frank Reynolds' Little ________ Beauties
76%
115 Chardee MacDennis 2: Electric ________ Boogaloo
76%
118 Dee Made a ____ Film Smut
76%
34 The Gang Solves the ___ ______ Gas Crisis
75%
49 The Gang Gives Frank an _____________ Intervention
75%
66 Dee Reynolds: Shaping America's _____ Youth
75%
104 The Gang Squashes Their _____ Beefs
74%
82 Thunder Gun _______ Express
74%
91 Frank's Back in ________ Business
73%
53 Paddy's Pub: Home of the Original ______ _______ Kitten Mittens
73%
56 Mac and Charlie Write a _____ Movie
73%
129 Making Dennis Reynolds a ________ Murderer
73%
3 ________ ________: A National Concern Underage Drinking
73%
14 The Gang Exploits a ______ Miracle
72%
31 ____: Making a Mess All Over the City Bums
71%
102 _______ for Charlie Flowers
69%
65 The Gang Gets a New ______ Member
68%
98 Mac and Dennis Buy a _________ Timeshare
68%
68 The Gang Gets Stranded in the _____ Woods
68%
125 The Gang Turns _____ Black
67%
105 The Gang Beats _____ Boggs
67%
79 The ____-______ Network ANTI-social
65%
58 Mac Fights ___ ________ Gay Marriage
65%
7 Charlie Got ________ Molested
65%
128 ____ ____: A Public Relations Nightmare Wolf Cola
65%
69 Dee Gives _____ Birth
64%
73 The Gang Goes to the ______ _____ Jersey Shore
64%
57 The Gang Reignites the _______ Rivalry
64%
29 The Gang Gets _______ (Part 1) Whacked
64%
30 The Gang Gets _______ (Part 2) Whacked
64%
41 Dennis Reynolds: An ______ ____ Erotic Life
63%
85 ___-___: The Final Solution Pop-Pop
63%
47 The Gang Hits the ____ Road
63%
108 Charlie ____ Work
63%
110 The Gang ______ the Boat Misses
62%
75 Sweet Dee Gets _______ Audited
61%
106 The Gang Group _____ Dates
61%
88 Charlie and Dee Find ____ Love
61%
132 The Gang _____ Bar Tends
61%
23 The Gang Solves the _____ _____ Situation North Korea
60%
127 Old Lady House: A _________ Comedy Situation
60%
27 Mac is a ______ ______ Serial Killer
59%
44 The Gang Gets _______: Home Makeover Edition Extreme
58%
123 The Gang Goes to ____ Hell
58%
124 The Gang Goes to ____: Part Two Hell
58%
95 The Gang _____ Dee Broke
57%
133 A _______'_ Tale Cricket's
57%
42 Sweet Dee has a _____ ______ Heart Attack
57%
122 Charlie Catches a __________ Leprechaun
57%
17 Dennis and Dee Get a ___ ___ New Dad
57%
51 The World Series _______ Defense
56%
46 The Gang Exploits the ________ ______ Mortgage Crisis
56%
35 America's Next Top Paddy's _________ Model Contest Billboard
55%
94 Reynolds vs. Reynolds: the ______ _______ Cereal Defense
54%
109 The Gang _____ Like U.S. Spies
54%
54 Mac and Dennis _____ __ Break Up
53%
9 The Gang Goes _____ Jihad
53%
96 Gun Fever Too: _____ ___ Still Hot
53%
33 Mac and Dennis: __________ Manhunters
52%
6 The Gang Finds a ____ ___ Dead Guy
50%
86 The Gang _______ Their Trash Recycles
49%
117 The Gang Hits the ______ Slopes
48%
134 Dennis' ______ Life Double
46%
87 The _______ _________ Wedding Massacre Maureen Ponderosa
46%
112 The Gang Goes on ______ _____ Family Fight
45%
76 Frank's _______ Brother
43%
8 Charlie Gets ________ Crippled
43%
59 Dennis Gets ________ Divorced
41%
131 ___Dee PTS
39%
48 The Great _________ Recession
39%
84 The High School Reunion Part 2: The Gang's Revenge
39%
126 The Gang Goes to a _____ ____ Water Park
39%
99 ___ ___ Mac Day
38%
20 Dennis and Dee's ___ __ ____ Mom Is Dead
34%
61 Mac's ___ _____ Big Break
31%
62 Mac and Charlie: _____ _____ White Trash
29%
113 Frank _______ Retires
26%
13 The Gang _____ ____ Gives Back
24%
89 The Gang Gets ________ Analyzed
19%
19 The Gang Gets __________ Invincible
19%
24 The Gang _____ ___ Sells Out
17%
101 The Gang Gets ___________ Quarantined
16%
93 The Gang _____ ___ Dines Out
15%
80 The Gang Gets _______ Trapped
15%
No matching quizzes found
Score Distribution
Percent of People with Each Score
Percentile by Number Answered
Your Score History
You have not taken this quiz